Утопин (Запис номер 423238)
[ съкратено ]
| 000 -Лидер | |
|---|---|
| Контролно поле с фиксирана дължина | nam a22 a 4500 |
| 003 - Код на организацията, давaща контролен номер | |
| Контролно поле | BLK |
| 005 - Дата и час на последна редакция | |
| Контролно поле | 20210708090642.0 |
| 008 - Елементи от данни с фиксирана дължина | |
| fixed length control field | 200316b bul|||||r ||||||| ||bul|| |
| 040 ## - Източник на каталожния запис | |
| Идентификатор на билиотеката - собственик на записа | BLK |
| 041 ## - Код за език | |
| Код за езика на текст/звукозапис или на отделно заглавие | Български |
| Код за езика КДБФ | Български |
| 080 ## - УДК | |
| Текстов определител УДК | Българска литература |
| УДК код - определител по УДК | 821.163.2 |
| УДК определител | -31 |
| УДК - код + определител | 821.163.2-31 |
| 100 ## - Редна дума - Автор | |
| Автор | Сребров, Здравко Василев |
| Авторска отговорност | първи автор |
| R(LIN) | 282753 |
| 139 ## - Редно поле | |
| Редна дума | Сребров, Здравко Василев |
| 245 10 - Сведения за заглавието | |
| Заглавие | Утопин |
| Подзаглавни данни | Роман на едно откритие |
| Редно поле (дума) | Здравко Василев Сребров; нарис. Александър Жендов. |
| 257 ## - Страна на издаване | |
| Страна на създаване/издаване | България |
| 260 ## - Област на издателските данни | |
| Място на издаване, разпространение и проч. | София |
| Име на издателя, разпространителя и проч. | Изд. авт. |
| Година на издаване | 1942 |
| Печатница | София : Родопи |
| 9 (RLIN) | 219492 |
| Издателство - префикс ISBN | 978-619-90615- ; 978-619-188- ; 978-954-799- |
| 300 ## - Физическа характеристика | |
| Страници | 264 с. |
| Илюстрации и др. | с ил. |
| Размери/Мащаб | 18см |
| 380 ## - Жанр | |
| Жанр | Худож. лит. |
| 500 ## - Общи забележки | |
| Забележка | 1500 тир. (Цена в кумул.) : 75 лв. |
| 700 ## - Други автори (авторска отговорност) | |
| Лично име | Жендов, Александър |
| Автороска отговорност (Описва отношението между автора и произведението) | ил. |
| 9 (RLIN) | 263299 |
| 852 ## - Местоположение | |
| Форматна сигнатура | Цб 8.180.6698 |
| Фондова буква | Основен фонд - ползва се само за читалня |
| 856 4# - Електронен адрес и достъп | |
| Електронен формат | pdf - файл |
| Път до файла /url/ | |
| 856 4# - Електронен адрес и достъп | |
| Електронен формат | pdf - файл |
| Път до файла /url/ | |
| 999 ## - СИСТЕМНИ КОНТРОЛНИ НОМЕРА | |
| Koha biblionumber | 423238 |
| Koha biblioitemnumber | 423238 |
| 942 ## - АРТИКУЛИ | |
| Вид на библиотечния материал | Книги |
| Скрит в OPAC | Не |
| Периодичен библиозапис | Да |
| 944 ## - СЪЗДАВАНЕ И РЕДАКЦИЯ на ЗАПИСА | |
| Създаване/Редакция | Създаване |
| Дата на регистрацията/редакция | 2021-07-08 |
| Служител, извършил регистрацията/редакцията | Микаела Микова-Илиева |
| 999 ## - СИСТЕМНИ КОНТРОЛНИ НОМЕРА | |
| Koha biblioitemnumber | 509054 |
| Код за отписване | Код за изгубен артикул | Източник на класификационната схема | Код за повреда | Коз за рестрикции | Код за отдаване | Артикулен № | Име на библиотеката - собственик | Име на библиотеката, в която се намира в момента | Статус (Текущо местоположение) | Дата на вписване в системата | Местоположение - отдел | Цена в лева | Инвентарен номер | Систематично азбучна сигнатура | Баркод | Цена в евро | Служебен тип на артикула |
|---|---|---|---|---|---|---|---|---|---|---|---|---|---|---|---|---|---|
| Не е изгубен | Universal Decimal Classification | Не е повреден | само за читалня | ползва се в читалня | 842564 | Регионална библиотека "Любен Каравелов" Русе | Регионална библиотека "Любен Каравелов" Русе | Хранилище | 2021-07-12 | Основен фонд - ползва се само за читалня | 0.21 | 6698 | Цб 8.180.6698 | 900000068695 | 0.11 | Книги |